| 000 | 00529nam a2200193Ia 4500 | ||
|---|---|---|---|
| 008 | 151119s9999||||xx |||||||||||||| ||und|| | ||
| 082 | _a923.654 | ||
| 082 | _bGKKV5081 | ||
| 100 | _aउगावकर राम | ||
| 245 | _aआपले शंकरराव | ||
| 260 | _a-- | ||
| 260 | _b-- | ||
| 260 | _c1987 | ||
| 600 | _aउगावकर राम | ||
| 630 | _aआपले शंकरराव | ||
| 700 | _aउगावकर राम | ||
| 730 | _aआपले शंकरराव | ||
| 942 | _cBOOK | ||
| 999 |
_c1060194 _d1060191 |
||